| 000 | 00550nam a2200193 i 4500 | ||
|---|---|---|---|
| 001 | 68138 | ||
| 003 | ES-MaACL | ||
| 005 | 20250721062608.0 | ||
| 007 | t| | ||
| 008 | 040610s1967 sp ||||1| spa d | ||
| 100 | 1 |
_aGárate, Jenaro. _953921 |
|
| 245 | 1 | 0 |
_aTeoría económica _b: (visión empresarial) / _cJenaro Gárate. |
| 250 | _a[ed. interina]. | ||
| 260 |
_a[Elgoibar (Guipúzcoa) : _bs.n., _c1967] |
||
| 300 |
_a39 p. ; _c27 cm. |
||
| 650 | 0 | 7 |
_aEconomía _2embne _912006 |
| 852 |
_aES-MaACL _j2062-F-6 _bR.64352 |
||
| 999 |
_c68138 _d68138 |
||